|
|
|
|
| LEADER |
01245nam a22002537a 4500 |
| 001 |
37788 |
| 003 |
BD-DhAAL |
| 008 |
220302t1998 bg a|||| |||| 00| 0 eng d |
| 999 |
|
|
|c 43635
|d 43635
|
| 020 |
|
|
|a 9840738216
|
| 040 |
|
|
|a BD-DhAAL
|
| 082 |
|
|
|a 930.1
|2 23
|
| 100 |
|
|
|a হোসেন, মোঃ মোশারফ
|9 46315
|
| 245 |
|
|
|a প্রত্নতত্ত্ব :
|b উদ্ভব ও বিকাশ : পরিপ্রেক্ষিত বাংলাদেশ /
|c মোঃ মোশারফ হোসেন
|
| 246 |
|
|
|a Pratnatattwa :
|b udbhav O bikash : pariprekshit Bangladesh
|
| 246 |
|
|
|a Archaeology :
|b beginning and development in the perspective of Bangladesh
|
| 260 |
|
|
|a ঢাকা :
|b বাংলা একাডেমী,
|c ১৯৯৮.
|
| 300 |
|
|
|a ৩৯২ পৃষ্ঠা ;
|c ২৪ সে.মি.
|
| 526 |
|
|
|a BIED
|
| 541 |
|
|
|a Complimentary copy from BIED
|e 37788
|
| 650 |
|
|
|a Archaeology.
|9 46316
|
| 852 |
|
|
|a Ayesha Abed Library
|c BIED Collection
|
| 942 |
|
|
|2 ddc
|c BK
|
| 952 |
|
|
|0 0
|1 0
|2 ddc
|4 0
|6 930_100000000000000_HOS
|7 0
|9 69958
|a BRACUL
|b BRACUL
|c GEN
|d 2022-03-02
|e Complimentary copy from BIED
|l 1
|m 27
|o 930.1 HOS
|p 3010037788
|r 2026-05-14
|s 2025-11-03
|t 1
|w 2022-03-02
|y BK
|x Transferred from BIED to General Stacks
|